Statistics for Oman Air Destinations-Muscat

Click here to take the quiz!

General Stats

  • This quiz has been taken 20 times
  • The average score is 44 of 51

Answer Stats

Country Airport % Correct
UKManchester
100%
RussiaMoscow-Domodedovo
100%
MalaysiaKuala Lumpur
100%
ChinaGuangzhou
100%
NepalKathmandu
100%
PakistanIslamabad
100%
PakistanKarachi
100%
PhilippinesManila
100%
QatarDoha
100%
Saudi ArabiaJeddah
100%
KenyaNairobi
100%
Saudi ArabiaRiyadh
100%
Sri LankaColombo
100%
SwitzerlandZurich
100%
ThailandBangkok
100%
TurkeyIstanbul
100%
UAEAbu Dhabi
100%
UAEDubai
100%
UKLondon-Heathrow
100%
KuwaitKuwait City
100%
MaldivesMale
100%
IranTehran
100%
EgyptCairo
100%
IndonesiaJakarta
100%
FranceParis
100%
GermanyFrankfurt
100%
IndiaMumbai
100%
IndiaDelhi
100%
ItalyMilan-Malpensa
100%
JordanAmman
93%
GermanyMunich
93%
IndiaBangalore
93%
IndiaChennai
93%
PakistanLahore
93%
IndiaJaipur
93%
Saudi ArabiaMedina
87%
TanzaniaDar-es-Salaam
87%
IndiaHyderabad
87%
MoroccoCasablanca
87%
Saudi ArabiaDammam
80%
IndiaGoa
73%
IndiaLucknow
73%
BahrainBahrain
73%
TanzaniaZanzibar
67%
IndiaCochin
60%
IranMashhad
60%
OmanSalalah
53%
IndiaThiruvananthapuram
33%
IndiaKozhikode
27%
OmanKhasab
7%
OmanDuqm
7%

Score Distribution

Percentile by Number Answered

Percent of People with Each Score

Your Score History

You have not taken this quiz